000 00593nam a2200193Ia 4500
005 20260114185713.0
008 008 260114s9999 xx 000 0 eng d
020 _a9781350049031
037 _aEBOOK
040 _aCRL
_beng
_cCRL
041 _aeng
_2eng
084 _qCRL
100 _aBruce Tabb and Susan C. Anderson
_9873347
245 0 _aWater, Leisure and Culture European Historical Perspectives
260 _bBloomsbury
_c2002
856 _uhttps://doi.org/10.5040/9781350049031?locatt=label:secondary_bloomsburyCollections
942 _cEBOOK
999 _c1472295
_d1472295